Vic as potestas legum: liber amicorum Zoltán Végh

সংরক্ষণ করুন:
গ্রন্থ-পঞ্জীর বিবরন
প্রধান লেখক: Rainer, Johannes Michael (Author)
বিন্যাস: গ্রন্থ
ভাষা:জার্মান
প্রকাশিত: Frankfurt am Main Peter Lang 2010
মালা:Salzburger Studien zum Europaischen Privatrecht, 27
বিষয়গুলি:
ট্যাগগুলো: ট্যাগ যুক্ত করুন
কোনো ট্যাগ নেই, প্রথমজন হিসাবে ট্যাগ করুন!

MARC

LEADER 00000cam a2200000 a 4500
001 UCF7088
003 CL-VaPUC
008 130606e20100000GW |||||||||||||||||ger|d
020 |a 9783631608807 
082 0 4 |a 346.4  |b RAI  |2 21 
100 0 |a Rainer, Johannes Michael  |e author  |9 569063 
245 1 0 |a Vic as potestas legum: liber amicorum Zoltán Végh 
300 |a 172 p 
942 |c BK 
945 |d 20130606 00:00:00  |a dcastane 
260 |a Frankfurt am Main  |b Peter Lang  |c 2010 
650 0 |a Derecho privado europeo  |9 485958 
650 0 |a Derecho civil  |9 255013 
650 0 |a Derecho comparado  |9 255664 
650 0 |a Tratados internacionales   |9 256056 
583 |a last modification  |c 20130606 11:56:00  |k Rodrigo Vera 
490 0 |a Salzburger Studien zum Europaischen Privatrecht, 27 
999 |c 352013  |d 352011 
952 |0 0  |1 0  |4 0  |6 346_400000000000000_RAI_2010  |7 0  |8 DER_ROM  |9 456498  |a BIBDER  |b BIBDER  |d 2019-11-22  |i 4970594  |o 346.4 RAI 2010  |p 4970594  |r 2023-01-25  |w 2019-11-22  |x Ubicación 4to piso  |y BK  |z Este recurso debe solicitarse con anticipación  |k DER